[Event "SVK Extraliga 2019-20"]
[Site "Slovakia"]
[Date "2019.11.23"]
[Round "3.4"]
[White "Neuman, Petr"]
[Black "Kralovic, Andrej"]
[Result "1-0"]
[WhiteElo "2371"]
[BlackElo "2222"]
[Annotator "NA"]
[PlyCount "69"]
[EventDate "2019.10.19"]
[EventType "team-tourn"]
[EventCountry "SVK"]
[SourceTitle "playchess.com"]
[Source "ChessBase"]
[SourceQuality "1"]
[WhiteTeam "Liptovska"]
[BlackTeam "KSN"]
[TimeControl "40/5400+30:1800+30"]

1. d4 {[%emt 0:00:00]} Nf6 {[%emt 0:00:00]} 2. c4 {[%emt 0:00:00]} c6 {[%emt 0:01:15]} 3. Nc3 {[%emt 0:00:24]} d5 {[%emt 0:00:05]} 4. e3 {[%emt 0:00:07]} a6 {[%emt 0:00:14]} 5. Qc2 {[%emt 0:00:58]} g6 {[%emt 0:01:46]} 6. Bd3 {[%emt 0:00:17]} Bg7 {[%emt 0:00:12]} 7. Nf3 {[%emt 0:00:09]} O-O {[%emt 0:00:20]} 8. O-O {[%emt 0:00:06]} Nbd7 {[%emt 0:01:11]} 9. cxd5 {[%emt 0:05:52]} cxd5 {[%emt 0:00:32]} 10. Bd2 {[%emt 0:00:08]} b6 {[%emt 0:08:24]} 11. Rfc1 {[%emt 0:00:47]} Bb7 {[%emt 0:00:55]} 12. Be1 {[%emt 0:01:32]} Rc8 {[%emt 0:05:20]} 13. Qe2 {[%emt 0:03:09]} b5 {[%emt 0:01:38]} 14. a3 {[%emt 0:00:36]} Re8 {[%emt 0:05:10]} 15. Na2 {[%emt 0:01:32]} Ne4 {[%emt 0:05:53]} 16. a4 {[%emt 0:01:49]} bxa4 {[%emt 0:01:56]} 17. Bxa6 {[%emt 0:01:31]} Qb6 {[%emt 0:21:11]} 18. Bb5 {[%emt 0:00:58]} Red8 {[%emt 0:01:25]} 19. Rxc8 {[%emt 0:01:52]} Bxc8 {[%emt 0:00:48]} 20. Nc3 {[%emt 0:00:18]} Nd6 {[%emt 0:16:59]} 21. Bd3 {[%emt 0:04:43]} Qc6 {[%emt 0:06:08]} 22. Nxa4 {[%emt 0:03:15]} e5 {[%emt 0:01:20]} 23. Qc2 {[%emt 0:09:52]} Qa8 {[%emt 0:03:29]} 24. Qc7 {[%emt 0:04:48]} Re8 {[%emt 0:01:51]} 25. Qxd6 {[%emt 0:02:24]} Bf8 {[%emt 0:03:14]} 26. Qc7 {[%emt 0:00:42]} e4 {[%emt 0:02:29]} 27. Bb5 {[%emt 0:00:12]} exf3 {[%emt 0:00:10]} 28. Bxd7 {[%emt 0:00:26]} Bxd7 {[%emt 0:00:07]} 29. Qxd7 {[%emt 0:00:06]} fxg2 {[%emt 0:00:08]} 30. Kxg2 {[%emt 0:03:09]} Re7 {[%emt 0:02:23]} 31. Qg4 {[%emt 0:01:38]} Re4 {[%emt 0:01:11]} 32. Qe2 {[%emt 0:01:29]} Qc8 {[%emt 0:00:20]} 33. f3 {[%emt 0:01:37]} Re6 {[%emt 0:00:10]} 34. Nc3 {[%emt 0:01:44]} Rc6 {[%emt 0:00:24]} 35. Bg3 {[%emt 0:01:27]} 1-0

[Event "SVK Extraliga 2019-20"]
[Site "Slovakia"]
[Date "2019.11.23"]
[Round "3.4"]
[White "Szustakowski, Antoni"]
[Black "Kostolansky, Sebastian Lukas"]
[Result "1-0"]
[WhiteElo "2287"]
[BlackElo "2420"]
[Annotator "NA"]
[PlyCount "107"]
[EventDate "2019.10.19"]
[EventType "team-tourn"]
[EventCountry "SVK"]
[SourceTitle "playchess.com"]
[Source "ChessBase"]
[SourceQuality "1"]
[WhiteTeam "Prakovce"]
[BlackTeam "Slovan"]
[TimeControl "40/5400+30:1800+30"]

1. d4 {[%emt 0:01:53]} Nf6 {[%emt 0:00:00]} 2. c4 {[%emt 0:00:22]} g6 {[%emt 0:00:00]} 3. Nc3 {[%emt 0:00:15]} Bg7 {[%emt 0:00:05]} 4. e4 {[%emt 0:00:04]} d6 {[%emt 0:00:06]} 5. Be2 {[%emt 0:00:05]} O-O {[%emt 0:00:06]} 6. Bg5 {[%emt 0:00:04]} Nc6 {[%emt 0:05:14]} 7. d5 {[%emt 0:02:50]} Nb4 {[%emt 0:01:23]} 8. Nf3 {[%emt 0:05:28]} e6 {[%emt 0:07:39]} 9. O-O {[%emt 0:05:40]} exd5 {[%emt 0:00:34]} 10. exd5 {[%emt 0:00:14]} h6 {[%emt 0:03:02]} 11. Be3 {[%emt 0:02:40]} Re8 {[%emt 0:04:25]} 12. h3 {[%emt 0:14:20]} c5 {[%emt 0:17:50]} 13. dxc6 {[%emt 0:09:41]} bxc6 {[%emt 0:03:56]} 14. Qd2 {[%emt 0:04:42]} Kh7 {[%emt 0:09:10]} 15. a3 {[%emt 0:00:58]} Na6 {[%emt 0:00:16]} 16. Rad1 {[%emt 0:00:07]} Bf8 {[%emt 0:06:41]} 17. b4 {[%emt 0:02:03]} Bb7 {[%emt 0:05:44]} 18. Bf4 {[%emt 0:10:41]} d5 {[%emt 0:05:15]} 19. cxd5 {[%emt 0:06:13]} cxd5 {[%emt 0:00:11]} 20. Bb5 {[%emt 0:01:34]} Ne4 {[%emt 0:13:17]} 21. Nxe4 {[%emt 0:01:02]} Rxe4 {[%emt 0:00:07]} 22. Bd3 {[%emt 0:05:31]} Re7 {[%emt 0:03:47]} 23. Be5 {[%emt 0:02:56]} Bg7 {[%emt 0:05:58]} 24. Bxg7 {[%emt 0:01:56]} Kxg7 {[%emt 0:00:05]} 25. Qb2+ {[%emt 0:01:41]} Kg8 {[%emt 0:00:33]} 26. Nd4 {[%emt 0:06:53]} Nc7 {[%emt 0:03:40]} 27. a4 {[%emt 0:00:23]} Qd6 {[%emt 0:01:24]} 28. a5 {[%emt 0:02:27]} Qf6 {[%emt 0:02:00]} 29. Qa1 {[%emt 0:00:11]} a6 {[%emt 0:00:39]} 30. Nf5 {[%emt 0:01:23]} Qxa1 {[%emt 0:01:12]} 31. Nxe7+ {[%emt 0:00:04]} Kf8 {[%emt 0:00:08]} 32. Nxg6+ {[%emt 0:00:06]} fxg6 {[%emt 0:00:05]} 33. Rxa1 {[%emt 0:00:04]} Ke7 {[%emt 0:00:31]} 34. f4 {[%emt 0:02:40]} Rg8 {[%emt 0:00:41]} 35. Rac1 {[%emt 0:01:03]} Kd6 {[%emt 0:00:19]} 36. Rfd1 {[%emt 0:01:10]} Ne6 {[%emt 0:01:18]} 37. g3 {[%emt 0:00:30]} Rg7 {[%emt 0:00:36]} 38. Kf2 {[%emt 0:00:34]} Rg8 {[%emt 0:00:19]} 39. Be2 {[%emt 0:01:44]} g5 {[%emt 0:00:22]} 40. f5 {[%emt 0:00:35]} Rf8 {[%emt 0:00:06]} 41. Bd3 {[%emt 0:30:32]} Ng7 {[%emt 0:07:15]} 42. Kg1 {[%emt 0:00:00]} Nh5 {[%emt 0:04:14]} 43. Re1 {[%emt 0:00:00]} Rf6 {[%emt 0:01:46]} 44. Kh2 {[%emt 0:00:00]} Ng7 {[%emt 0:00:15]} 45. g4 {[%emt 0:00:00]} h5 {[%emt 0:00:32]} 46. b5 {[%emt 0:00:00]} axb5 {[%emt 0:00:51]} 47. Bxb5 {[%emt 0:00:00]} hxg4 {[%emt 0:00:14]} 48. hxg4 {[%emt 0:00:00]} d4 {[%emt 0:01:05]} 49. a6 {[%emt 0:00:00]} Bd5 {[%emt 0:01:12]} 50. Rc8 {[%emt 0:00:00]} Rf7 {[%emt 0:02:59]} 51. Rd8+ {[%emt 0:00:00]} Kc5 {[%emt 0:00:04]} 52. Re5 {[%emt 0:00:00]} Kxb5 {[%emt 0:00:08]} 53. Rexd5+ {[%emt 0:00:00]} Kxa6 {[%emt 0:00:09]} 54. R8d6+ {[%emt 0:00:00]} 1-0

[Event "SVK Extraliga 2019-20"]
[Site "Slovakia"]
[Date "2019.11.23"]
[Round "3.5"]
[White "Bures, Jaroslav"]
[Black "Mikrut, Dariusz"]
[Result "1/2-1/2"]
[WhiteElo "2385"]
[BlackElo "2382"]
[Annotator "NA"]
[PlyCount "52"]
[EventDate "2019.10.19"]
[EventType "team-tourn"]
[EventCountry "SVK"]
[SourceTitle "playchess.com"]
[Source "ChessBase"]
[SourceQuality "1"]
[WhiteTeam "Slovan"]
[BlackTeam "Prakovce"]
[TimeControl "40/5400+30:1800+30"]

1. d4 {[%emt 0:00:00]} Nf6 {[%emt 0:03:20]} 2. c4 {[%emt 0:00:00]} g6 {[%emt 0:00:29]} 3. Nc3 {[%emt 0:00:00]} Bg7 {[%emt 0:00:17]} 4. e4 {[%emt 0:00:00]} d6 {[%emt 0:00:06]} 5. Nf3 {[%emt 0:00:00]} O-O {[%emt 0:00:07]} 6. Be2 {[%emt 0:00:00]} Nbd7 {[%emt 0:00:06]} 7. O-O {[%emt 0:00:32]} e5 {[%emt 0:00:19]} 8. Be3 {[%emt 0:00:14]} h6 {[%emt 0:00:34]} 9. dxe5 {[%emt 0:06:24]} dxe5 {[%emt 0:02:37]} 10. h3 {[%emt 0:00:24]} c6 {[%emt 0:00:42]} 11. Qd2 {[%emt 0:10:28]} Kh7 {[%emt 0:00:42]} 12. Nh2 {[%emt 0:00:05]} Qe7 {[%emt 0:01:58]} 13. Ng4 {[%emt 0:00:18]} Nxg4 {[%emt 0:01:35]} 14. hxg4 {[%emt 0:00:21]} Nc5 {[%emt 0:00:35]} 15. g3 {[%emt 0:01:59]} Ne6 {[%emt 0:01:38]} 16. Kg2 {[%emt 0:00:19]} Rd8 {[%emt 0:02:59]} 17. Qc1 {[%emt 0:00:09]} g5 {[%emt 0:00:16]} 18. Rh1 {[%emt 0:01:44]} Kg8 {[%emt 0:00:46]} 19. f3 {[%emt 0:04:32]} Nd4 {[%emt 0:01:28]} 20. Bd1 {[%emt 0:03:42]} Be6 {[%emt 0:00:28]} 21. Ne2 {[%emt 0:01:39]} b5 {[%emt 0:00:56]} 22. c5 {[%emt 0:04:47]} b4 {[%emt 0:15:24]} 23. Nxd4 {[%emt 0:07:13]} exd4 {[%emt 0:01:51]} 24. Bd2 {[%emt 0:00:01]} a5 {[%emt 0:01:40]} 25. f4 {[%emt 0:07:03]} f6 {[%emt 0:01:05]} 26. Bf3 {[%emt 0:00:02]} Qd7 {[%emt 0:03:21]} 1/2-1/2

[Event "SVK Extraliga 2019-20"]
[Site "Slovakia"]
[Date "2019.11.23"]
[Round "3.5"]
[White "Csonka, Attila Istvan"]
[Black "Vojtek, Vladimir"]
[Result "1-0"]
[WhiteElo "2355"]
[BlackElo "2278"]
[Annotator "NA"]
[PlyCount "113"]
[EventDate "2019.10.19"]
[EventType "team-tourn"]
[EventCountry "SVK"]
[SourceTitle "playchess.com"]
[Source "ChessBase"]
[SourceQuality "1"]
[WhiteTeam "Streda"]
[BlackTeam "Dubnica"]
[TimeControl "40/5400+30:1800+30"]

1. e4 {[%emt 0:00:00]} e5 {[%emt 0:00:00]} 2. Nf3 {[%emt 0:00:00]} Nc6 {[%emt 0:00:00]} 3. Bc4 {[%emt 0:00:00]} Bc5 {[%emt 0:00:55]} 4. b4 {[%emt 0:00:04]} Bxb4 {[%emt 0:00:20]} 5. c3 {[%emt 0:00:06]} Be7 {[%emt 0:02:34]} 6. d4 {[%emt 0:02:26]} d6 {[%emt 0:05:31]} 7. Qb3 {[%emt 0:03:18]} Na5 {[%emt 0:02:09]} 8. Bxf7+ {[%emt 0:00:55]} Kf8 {[%emt 0:00:00]} 9. Qa4 {[%emt 0:00:09]} Kxf7 {[%emt 0:06:52]} 10. Qxa5 {[%emt 0:00:18]} b6 {[%emt 0:07:58]} 11. Qa4 {[%emt 0:02:06]} Bg4 {[%emt 0:03:21]} 12. Nbd2 {[%emt 0:04:14]} Bf6 {[%emt 0:05:30]} 13. h3 {[%emt 0:01:52]} Bd7 {[%emt 0:07:35]} 14. Qc2 {[%emt 0:09:51]} Ne7 {[%emt 0:00:58]} 15. Nc4 {[%emt 0:06:28]} Ng6 {[%emt 0:05:11]} 16. h4 {[%emt 0:01:38]} Re8 {[%emt 0:05:10]} 17. Ng5+ {[%emt 0:08:34]} Bxg5 {[%emt 0:05:35]} 18. Bxg5 {[%emt 0:00:20]} Qc8 {[%emt 0:00:11]} 19. Qb3 {[%emt 0:07:08]} Be6 {[%emt 0:09:29]} 20. h5 {[%emt 0:02:17]} Nf4 {[%emt 0:12:00]} 21. Bxf4 {[%emt 0:09:18]} exf4 {[%emt 0:00:08]} 22. O-O-O {[%emt 0:03:13]} Qa6 {[%emt 0:09:39]} 23. d5 {[%emt 0:00:49]} Bd7 {[%emt 0:00:18]} 24. Rd4 {[%emt 0:01:16]} Kg8 {[%emt 0:02:37]} 25. f3 {[%emt 0:01:26]} h6 {[%emt 0:03:00]} 26. Nb2 {[%emt 0:01:23]} Qe2 {[%emt 0:02:25]} 27. Rd2 {[%emt 0:01:11]} Qb5 {[%emt 0:00:42]} 28. Nd3 {[%emt 0:00:41]} Rf8 {[%emt 0:02:45]} 29. Rh4 {[%emt 0:00:09]} a5 {[%emt 0:00:58]} 30. Qxb5 {[%emt 0:01:06]} Bxb5 {[%emt 0:00:01]} 31. Nxf4 {[%emt 0:00:10]} Bd7 {[%emt 0:00:33]} 32. Ng6 {[%emt 0:00:43]} Rfe8 {[%emt 0:00:17]} 33. Rf4 {[%emt 0:01:26]} b5 {[%emt 0:00:14]} 34. Re2 {[%emt 0:04:08]} b4 {[%emt 0:00:59]} 35. c4 {[%emt 0:00:14]} a4 {[%emt 0:00:43]} 36. e5 {[%emt 0:00:07]} dxe5 {[%emt 0:00:20]} 37. Rxe5 {[%emt 0:00:08]} Rxe5 {[%emt 0:00:33]} 38. Nxe5 {[%emt 0:00:07]} Be8 {[%emt 0:00:07]} 39. c5 {[%emt 0:07:33]} Ra5 {[%emt 0:01:18]} 40. Nd3 {[%emt 0:00:22]} b3 {[%emt 0:00:25]} 41. axb3 {[%emt 0:32:23]} axb3 {[%emt 0:05:32]} 42. Rb4 {[%emt 0:00:00]} Bxh5 {[%emt 0:02:42]} 43. Kb2 {[%emt 0:00:00]} Bf7 {[%emt 0:10:15]} 44. Rd4 {[%emt 0:00:00]} Ra2+ {[%emt 0:08:49]} 45. Kxb3 {[%emt 0:00:00]} Rxg2 {[%emt 0:00:19]} 46. Kc3 {[%emt 0:00:00]} Rg3 {[%emt 0:03:14]} 47. Ne5 {[%emt 0:00:00]} Be8 {[%emt 0:00:27]} 48. Rf4 {[%emt 0:00:00]} g5 {[%emt 0:01:18]} 49. Rf6 {[%emt 0:00:00]} h5 {[%emt 0:01:05]} 50. Kd4 {[%emt 0:00:00]} Rg1 {[%emt 0:00:51]} 51. Ra6 {[%emt 0:00:00]} g4 {[%emt 0:00:51]} 52. fxg4 {[%emt 0:00:00]} hxg4 {[%emt 0:00:01]} 53. Ra8 {[%emt 0:00:00]} Kf8 {[%emt 0:00:17]} 54. d6 {[%emt 0:00:00]} cxd6 {[%emt 0:00:05]} 55. cxd6 {[%emt 0:00:00]} Rd1+ {[%emt 0:01:02]} 56. Kc5 {[%emt 0:00:00]} g3 {[%emt 0:01:18]} 57. d7 {[%emt 0:00:00]} 1-0

[Event "SVK Extraliga 2019-20"]
[Site "Slovakia"]
[Date "2019.11.23"]
[Round "3.5"]
[White "Jakab, Bela"]
[Black "Jablonicky, Martin"]
[Result "0-1"]
[WhiteElo "2244"]
[BlackElo "2250"]
[Annotator "NA"]
[PlyCount "102"]
[EventDate "2019.10.19"]
[EventType "team-tourn"]
[EventCountry "SVK"]
[SourceTitle "playchess.com"]
[Source "ChessBase"]
[SourceQuality "1"]
[WhiteTeam "Podhajska"]
[BlackTeam "Modra"]
[TimeControl "40/5400+30:1800+30"]

1. d4 {[%emt 0:00:00]} Nf6 {[%emt 0:00:35]} 2. c4 {[%emt 0:00:00]} g6 {[%emt 0:00:04]} 3. Nc3 {[%emt 0:00:00]} Bg7 {[%emt 0:00:13]} 4. Nf3 {[%emt 0:00:06]} O-O {[%emt 0:00:08]} 5. g3 {[%emt 0:00:43]} c5 {[%emt 0:00:59]} 6. Bg2 {[%emt 0:02:40]} cxd4 {[%emt 0:00:08]} 7. Nxd4 {[%emt 0:00:06]} Nc6 {[%emt 0:00:04]} 8. O-O {[%emt 0:03:35]} Ng4 {[%emt 0:00:33]} 9. Nc2 {[%emt 0:02:33]} Na5 {[%emt 0:07:15]} 10. c5 {[%emt 0:07:29]} Nc6 {[%emt 0:02:41]} 11. e4 {[%emt 0:02:24]} Nf6 {[%emt 0:01:13]} 12. Qe2 {[%emt 0:11:02]} b6 {[%emt 0:07:28]} 13. Rd1 {[%emt 0:02:07]} Bb7 {[%emt 0:04:40]} 14. cxb6 {[%emt 0:03:58]} axb6 {[%emt 0:02:18]} 15. Be3 {[%emt 0:02:33]} Ba6 {[%emt 0:04:09]} 16. Qd2 {[%emt 0:04:44]} Ne5 {[%emt 0:07:11]} 17. b3 {[%emt 0:02:06]} Rc8 {[%emt 0:04:50]} 18. Nb4 {[%emt 0:02:21]} Bb7 {[%emt 0:03:14]} 19. Nbd5 {[%emt 0:02:50]} Nxd5 {[%emt 0:01:28]} 20. Nxd5 {[%emt 0:00:05]} Bxd5 {[%emt 0:01:27]} 21. Qxd5 {[%emt 0:00:24]} Ng4 {[%emt 0:12:57]} 22. Bd4 {[%emt 0:04:48]} e5 {[%emt 0:03:24]} 23. Bb2 {[%emt 0:02:19]} Rc2 {[%emt 0:04:17]} 24. Rd2 {[%emt 0:10:35]} Qc7 {[%emt 0:00:06]} 25. Re1 {[%emt 0:01:57]} Bh6 {[%emt 0:03:22]} 26. Rde2 {[%emt 0:00:19]} Bc1 {[%emt 0:07:38]} 27. Qd1 {[%emt 0:13:38]} Rxb2 {[%emt 0:02:26]} 28. Rxb2 {[%emt 0:00:05]} Bxb2 {[%emt 0:00:03]} 29. Qxg4 {[%emt 0:00:06]} Bd4 {[%emt 0:00:10]} 30. Bf1 {[%emt 0:02:06]} f5 {[%emt 0:02:16]} 31. exf5 {[%emt 0:04:59]} Rxf5 {[%emt 0:01:28]} 32. Bc4+ {[%emt 0:00:06]} Kg7 {[%emt 0:00:38]} 33. Re2 {[%emt 0:00:10]} Qc5 {[%emt 0:02:14]} 34. Bd3 {[%emt 0:02:06]} h5 {[%emt 0:02:22]} 35. Qh4 {[%emt 0:02:31]} Rf6 {[%emt 0:05:16]} 36. Kg2 {[%emt 0:00:50]} Bxf2 {[%emt 0:05:28]} 37. Qe4 {[%emt 0:00:07]} Bd4 {[%emt 0:00:31]} 38. Rc2 {[%emt 0:00:13]} Qf8 {[%emt 0:00:15]} 39. Rc7 {[%emt 0:00:34]} Rf2+ {[%emt 0:01:17]} 40. Kh3 {[%emt 0:00:53]} Qd6 {[%emt 0:00:12]} 41. Rc8 {[%emt 0:35:18]} Qe6+ {[%emt 0:30:53]} 42. g4 {[%emt 0:00:05]} Rf4 {[%emt 0:01:19]} 43. Qe2 {[%emt 0:01:22]} Rxg4 {[%emt 0:00:19]} 44. Bc4 {[%emt 0:00:18]} d5 {[%emt 0:01:04]} 45. Rc7+ {[%emt 0:00:15]} Kh6 {[%emt 0:00:37]} 46. Bxd5 {[%emt 0:01:11]} Rh4+ {[%emt 0:00:00]} 47. Kg2 {[%emt 0:00:00]} Qxd5+ {[%emt 0:00:00]} 48. Kg3 {[%emt 0:00:00]} Rg4+ {[%emt 0:00:00]} 49. Kh3 {[%emt 0:00:00]} Qe6 {[%emt 0:00:00]} 50. Qc4 {[%emt 0:00:00]} Rg3+ {[%emt 0:00:00]} 51. Kxg3 {[%emt 0:00:00]} Qg4# {[%emt 0:00:00]} 0-1

[Event "SVK Extraliga 2019-20"]
[Site "Slovakia"]
[Date "2019.11.23"]
[Round "3.5"]
[White "Lintner, Igor"]
[Black "Hausner, Ivan"]
[Result "0-1"]
[WhiteElo "2187"]
[BlackElo "2374"]
[Annotator "NA"]
[PlyCount "62"]
[EventDate "2019.10.19"]
[EventType "team-tourn"]
[EventCountry "SVK"]
[SourceTitle "playchess.com"]
[Source "ChessBase"]
[SourceQuality "1"]
[WhiteTeam "KSN"]
[BlackTeam "Liptovska"]
[TimeControl "40/5400+30:1800+30"]

1. d4 {[%emt 0:00:54]} Nf6 {[%emt 0:00:00]} 2. Nc3 {[%emt 0:00:18]} d5 {[%emt 0:00:00]} 3. Bf4 {[%emt 0:00:05]} e6 {[%emt 0:00:02]} 4. e3 {[%emt 0:00:08]} Bd6 {[%emt 0:00:06]} 5. Bg3 {[%emt 0:01:58]} Nbd7 {[%emt 0:01:30]} 6. Nf3 {[%emt 0:01:58]} Bxg3 {[%emt 0:02:15]} 7. hxg3 {[%emt 0:00:07]} c6 {[%emt 0:00:41]} 8. Bd3 {[%emt 0:03:14]} Qe7 {[%emt 0:00:41]} 9. Ne5 {[%emt 0:12:25]} Nxe5 {[%emt 0:00:08]} 10. dxe5 {[%emt 0:00:01]} Nd7 {[%emt 0:00:07]} 11. Qg4 {[%emt 0:00:33]} g6 {[%emt 0:00:26]} 12. f4 {[%emt 0:01:44]} Nc5 {[%emt 0:01:26]} 13. O-O-O {[%emt 0:00:37]} h5 {[%emt 0:08:33]} 14. Qf3 {[%emt 0:00:55]} Rg8 {[%emt 0:00:06]} 15. g4 {[%emt 0:03:54]} hxg4 {[%emt 0:00:05]} 16. Qxg4 {[%emt 0:00:02]} Bd7 17. Rh7 {[%emt 0:07:21]} O-O-O {[%emt 0:01:25]} 18. Rdh1 {[%emt 0:04:53]} g5 {[%emt 0:03:06]} 19. Qh5 {[%emt 0:03:28]} gxf4 {[%emt 0:02:54]} 20. Rxf7 {[%emt 0:05:53]} Nxd3+ {[%emt 0:00:18]} 21. cxd3 {[%emt 0:00:02]} Qc5 {[%emt 0:00:41]} 22. d4 {[%emt 0:01:43]} Qb6 {[%emt 0:00:28]} 23. Qf3 {[%emt 0:13:24]} fxe3 {[%emt 0:00:20]} 24. Rd1 {[%emt 0:08:49]} c5 {[%emt 0:00:38]} 25. Kb1 {[%emt 0:03:21]} cxd4 {[%emt 0:02:01]} 26. Ne2 {[%emt 0:02:40]} Be8 {[%emt 0:00:06]} 27. Nxd4 {[%emt 0:12:46]} Bxf7 {[%emt 0:00:14]} 28. Qxf7 {[%emt 0:00:01]} Rxg2 {[%emt 0:02:27]} 29. b3 {[%emt 0:00:01]} Kb8 {[%emt 0:00:35]} 30. Nxe6 {[%emt 0:00:43]} Rc8 {[%emt 0:00:35]} 31. Nf8 {[%emt 0:00:26]} Qc6 {[%emt 0:00:39]} 0-1

[Event "SVK Extraliga 2019-20"]
[Site "Slovakia"]
[Date "2019.11.23"]
[Round "3.6"]
[White "Zpevak, Pavel"]
[Black "Csiba, Dominik"]
[Result "1-0"]
[WhiteElo "2341"]
[BlackElo "2360"]
[Annotator "NA"]
[PlyCount "86"]
[EventDate "2019.10.19"]
[EventType "team-tourn"]
[EventCountry "SVK"]
[SourceTitle "playchess.com"]
[Source "ChessBase"]
[SourceQuality "1"]
[WhiteTeam "Dubnica"]
[BlackTeam "Streda"]
[TimeControl "40/5400+30:1800+30"]

1. d4 {[%emt 0:00:00]} Nf6 {[%emt 0:00:00]} 2. c4 {[%emt 0:00:00]} c5 {[%emt 0:00:05]} 3. d5 {[%emt 0:00:07]} b5 {[%emt 0:00:04]} 4. cxb5 {[%emt 0:00:11]} a6 {[%emt 0:00:06]} 5. bxa6 {[%emt 0:00:08]} g6 {[%emt 0:00:31]} 6. Nc3 {[%emt 0:00:21]} Bxa6 {[%emt 0:00:05]} 7. Nf3 {[%emt 0:00:48]} Bg7 {[%emt 0:00:36]} 8. e4 {[%emt 0:01:41]} Bxf1 {[%emt 0:00:06]} 9. Kxf1 {[%emt 0:00:02]} d6 {[%emt 0:00:26]} 10. g3 {[%emt 0:00:39]} O-O {[%emt 0:05:22]} 11. Kg2 {[%emt 0:01:10]} Nbd7 {[%emt 0:00:08]} 12. Qe2 {[%emt 0:01:09]} Qa5 {[%emt 0:07:01]} 13. h3 {[%emt 0:14:06]} Rfb8 {[%emt 0:06:58]} 14. Rd1 {[%emt 0:07:37]} Ne8 {[%emt 0:32:03]} 15. Bg5 {[%emt 0:01:24]} Rb7 {[%emt 0:01:30]} 16. Rac1 {[%emt 0:15:07]} Bxc3 {[%emt 0:05:36]} 17. bxc3 {[%emt 0:00:26]} f6 {[%emt 0:00:08]} 18. Bh6 {[%emt 0:03:05]} Qxa2 {[%emt 0:00:15]} 19. Qe1 {[%emt 0:04:11]} Rab8 {[%emt 0:03:03]} 20. h4 {[%emt 0:08:58]} Kf7 {[%emt 0:08:51]} 21. Qe3 {[%emt 0:05:14]} Rb2 {[%emt 0:03:22]} 22. Ra1 {[%emt 0:11:45]} Qc4 {[%emt 0:00:45]} 23. Nd2 {[%emt 0:01:36]} Qb5 {[%emt 0:00:07]} 24. Rdb1 {[%emt 0:05:40]} Rb6 {[%emt 0:00:41]} 25. Qf4 {[%emt 0:06:38]} Rxb1 {[%emt 0:12:23]} 26. Rxb1 {[%emt 0:00:11]} Qd3 {[%emt 0:00:09]} 27. Rxb6 {[%emt 0:01:36]} Nxb6 {[%emt 0:00:11]} 28. Qf3 {[%emt 0:02:00]} Qc2 {[%emt 0:02:23]} 29. h5 {[%emt 0:01:51]} Nc7 {[%emt 0:04:41]} 30. Bf4 {[%emt 0:03:21]} Nb5 {[%emt 0:02:56]} 31. hxg6+ {[%emt 0:01:17]} hxg6 {[%emt 0:00:05]} 32. Qg4 {[%emt 0:00:16]} Qxc3 {[%emt 0:03:02]} 33. Qe6+ {[%emt 0:00:18]} Ke8 {[%emt 0:00:04]} 34. Qg8+ {[%emt 0:00:44]} Kd7 {[%emt 0:00:02]} 35. Qe6+ {[%emt 0:01:36]} Kd8 {[%emt 0:00:04]} 36. Qg8+ {[%emt 0:00:04]} Kc7 {[%emt 0:00:13]} 37. Qe8 {[%emt 0:00:05]} Nd7 {[%emt 0:00:37]} 38. Qxe7 {[%emt 0:00:23]} g5 {[%emt 0:00:19]} 39. Be3 {[%emt 0:00:47]} Nd4 {[%emt 0:02:37]} 40. e5 {[%emt 0:01:07]} Nf5 {[%emt 0:01:44]} 41. exd6+ {[%emt 0:30:06]} Kb6 {[%emt 0:05:39]} 42. Qd8+ {[%emt 0:00:00]} Ka6 {[%emt 0:00:22]} 43. Qc8+ {[%emt 0:00:00]} Ka5 {[%emt 0:01:03]} 1-0

[Event "SVK Extraliga 2019-20"]
[Site "Slovakia"]
[Date "2019.11.23"]
[Round "3.6"]
[White "Schwarz, Dusan"]
[Black "Likavsky, Tomas"]
[Result "0-1"]
[WhiteElo "2315"]
[BlackElo "2423"]
[Annotator "NA"]
[PlyCount "60"]
[EventDate "2019.10.19"]
[EventType "team-tourn"]
[EventCountry "SVK"]
[SourceTitle "playchess.com"]
[Source "ChessBase"]
[SourceQuality "1"]
[WhiteTeam "Modra"]
[BlackTeam "Podhajska"]
[TimeControl "40/5400+30:1800+30"]

1. d4 {[%emt 0:00:00]} Nf6 {[%emt 0:00:09]} 2. c4 {[%emt 0:00:26]} g6 {[%emt 0:00:22]} 3. Nc3 {[%emt 0:00:16]} Bg7 {[%emt 0:00:07]} 4. e4 {[%emt 0:00:10]} d6 {[%emt 0:00:05]} 5. Nf3 {[%emt 0:00:22]} O-O {[%emt 0:00:16]} 6. h3 {[%emt 0:00:15]} e5 {[%emt 0:01:13]} 7. d5 {[%emt 0:00:11]} a5 {[%emt 0:00:48]} 8. Be3 {[%emt 0:02:53]} Na6 {[%emt 0:02:38]} 9. g4 {[%emt 0:00:32]} Nc5 {[%emt 0:01:56]} 10. Nd2 {[%emt 0:00:19]} c6 {[%emt 0:08:34]} 11. Be2 {[%emt 0:03:20]} a4 {[%emt 0:04:44]} 12. a3 {[%emt 0:16:16]} Qa5 {[%emt 0:08:32]} 13. h4 {[%emt 0:05:05]} Nfxe4 {[%emt 0:06:02]} 14. Ncxe4 {[%emt 0:04:36]} Nxe4 {[%emt 0:00:08]} 15. Bf3 {[%emt 0:01:07]} cxd5 {[%emt 0:07:08]} 16. cxd5 {[%emt 0:00:17]} Nxd2 {[%emt 0:02:04]} 17. Bxd2 {[%emt 0:04:23]} Qd8 {[%emt 0:05:39]} 18. h5 {[%emt 0:03:30]} e4 {[%emt 0:01:29]} 19. Be2 {[%emt 0:01:38]} Bxb2 {[%emt 0:03:02]} 20. Rb1 {[%emt 0:02:13]} Bxa3 {[%emt 0:04:45]} 21. Bc3 {[%emt 0:09:31]} Bc5 {[%emt 0:02:24]} 22. Qc1 {[%emt 0:06:36]} e3 {[%emt 0:03:10]} 23. f4 {[%emt 0:01:16]} a3 {[%emt 0:07:06]} 24. Rb5 {[%emt 0:12:58]} Ra4 {[%emt 0:06:39]} 25. f5 {[%emt 0:13:37]} Qg5 {[%emt 0:03:52]} 26. Qa1 {[%emt 0:00:15]} gxf5 {[%emt 0:02:49]} 27. gxf5 {[%emt 0:03:12]} Bxf5 {[%emt 0:03:30]} 28. Bf6 {[%emt 0:03:45]} Qg3+ {[%emt 0:03:45]} 29. Kd1 {[%emt 0:00:07]} Qg2 {[%emt 0:00:10]} 30. Re1 {[%emt 0:02:11]} Qxd5+ {[%emt 0:00:11]} 0-1